|
|
|
|
| LEADER |
01106nam a22002897a 4500 |
| 001 |
33399 |
| 003 |
BD-DhAAL |
| 005 |
20250624111927.0 |
| 008 |
180716t2002 caua|||| |||| 001 0 eng d |
| 020 |
|
|
|a 1557014078
|
| 020 |
|
|
|a 9781557014078
|
| 040 |
|
|
|a BD-DhAAL
|d BD-DhAAL
|
| 082 |
|
|
|a 692.5
|
| 100 |
|
|
|a Jeffrey M. Syken.
|9 27403
|
| 245 |
|
|
|a Principles of trade estimating /
|c J. M. Syken.
|
| 260 |
|
|
|a Los Angeles :
|b Building News,
|c c2002.
|
| 300 |
|
|
|a 450 pages :
|b illustrations ;
|c 25 cm.
|
| 500 |
|
|
|a Includes index.
|
| 526 |
|
|
|a ARC
|
| 541 |
|
|
|a Department of Architecture
|e 33399
|
| 650 |
|
|
|a Building
|x Estimates
|x Handbooks, manuals, etc.
|9 27404
|
| 650 |
|
|
|a Building
|x Estimates.
|9 32671
|
| 650 |
|
|
|a Construction industry
|x Prices
|x Handbooks, manuals, etc.
|9 27406
|
| 852 |
|
|
|a Department of Architecture
|c General Stacks
|
| 942 |
|
|
|2 ddc
|c BK
|
| 999 |
|
|
|c 39799
|d 39799
|
| 952 |
|
|
|0 0
|1 0
|2 ddc
|4 0
|6 692_500000000000000_JEF
|7 0
|9 63831
|a BRACUL
|b BRACUL
|c GEN
|d 2018-07-16
|e Department of Architecture
|l 0
|o 692.5 JEF
|p 3010033399
|r 2018-07-16
|t 1
|w 2018-07-16
|y BK
|x Transferred from ARC to BRACUL on 28/12/2023
|